Introducing India / (Record no. 78738)

MARC details
000 -LEADER
fixed length control field 00600nam a22002057a 4500
005 - DATE AND TIME OF LATEST TRANSACTION
control field 20130911121941.0
010 ## - LCCN (DPL NO)
LC control number ENG-108371
020 ## - INTERNATIONAL STANDARD BOOK NUMBER
Terms of availability 600.00
International Standard Book Number 9789381574089
035 ## - SYSTEM CONTROL NUMBER
System control number EN-91904
037 ## - SOURCE OF ACQUISITION
Source of stock number/acquisition DBAD/PUB
082 ## - DEWEY DECIMAL CLASSIFICATION NUMBER
Classification number 954
245 00 - TITLE STATEMENT
Title Introducing India /
Statement of responsibility, etc edited by K.N. Bagchi [and] W.G. Griffiths
260 ## - PUBLICATION, DISTRIBUTION, ETC. (IMPRINT)
Place of publication, distribution, etc Kolkata
Name of publisher, distributor, etc The Asiatic Society
Date of publication, distribution, etc 2013(repr.)
270 ## - ADDRESS
Address 1 Park Street
City Kolkata
Postal code 700016
300 ## - PHYSICAL DESCRIPTION
Extent xiv,291p.
Dimensions 24cm(Hb)
490 ## - SERIES STATEMENT
Series statement Monograph series no. LVII
700 ## - ADDED ENTRY--PERSONAL NAME
Personal name Bagchi, K.N.
700 ## - ADDED ENTRY--PERSONAL NAME
Personal name Griffiths, W.G.
942 ## - ADDED ENTRY ELEMENTS (KOHA)
Source of classification or shelving scheme Dewey Decimal Classification
Item type English Books
Call number suffix INT
Classification part 954
Holdings
Withdrawn status Lost status Not for loan Collection code Home library Current library Date acquired Source of acquisition Cost, normal purchase price Full call number Barcode Copy number Cost, replacement price Koha item type
    Not For Loan Non-fiction D.B.Act.Division D.B.Act.Division 23/08/2013 DBAD/PUB 600.00 954 INT EN-91904 1 600.00 English Books

© Delhi Public Library
Hit Counter
free hit counter